[Event "Henderson Trusts op 42nd"]
[Site "Henderson"]
[Date "2019.06.02"]
[Round "4"]
[White "Smith, Robert Wayne"]
[Black "Krstev, Antonio"]
[Result "1-0"]
[WhiteElo "2204"]
[BlackElo "1966"]
[PlyCount "121"]
[EventDate "2019.06.01"]
[EventType "swiss"]
[EventRounds "6"]
[EventCountry "NZL"]
[SourceTitle "EXT 2020"]
[Source "ChessBase"]
[SourceDate "2019.10.17"]
[SourceVersion "1"]
[SourceVersionDate "2019.10.17"]
[SourceQuality "1"]

1. e4 e6 2. d4 d5 3. Nc3 Nf6 4. Bg5 dxe4 5. Nxe4 Be7 6. Bxf6 Bxf6 7. Nf3 0-0 8. Qd2 b6 9. 0-0-0 Bb7 10. Qe3 Bxe4 11. Qxe4 Qd5 12. Bd3 Qxe4 13. Bxe4 c6 14. Ne5 Rc8 15. f4 a5 16. Nc4 Nd7 17. f5 Bg5+ 18. Kb1 b5 19. fxe6 fxe6 20. Nd6 Rd8 21. Bxc6 Ra6 22. Ne4 Rxc6 23. Nxg5 Nf6 24. Rhe1 Rdd6 25. Re5 h6 26. Ne4 Nxe4 27. Rxe4 Rd5 28. c3 Rf5 29. Rde1 Kf7 30. Re5 Rf2 31. R1e2 Rxe2 32. Rxe2 b4 33. Kc2 bxc3 34. bxc3 g5 35. Re5 Ra6 36. a4 Kf6 37. g4 Ra8 38. Rb5 h5 39. h4 hxg4 40. Rxg5 Rh8 41. Rxg4 Kf5 42. Rg5+ Kf6 43. Rxa5 Rxh4 44. Re5 Ke7 45. a5 Kd6 46. Rc5 Rh2+ 47. Kb3 Rh1 48. Kc4 Ra1 49. Kb5 Rb1+ 50. Ka6 Rb3 51. Ka7 Kd7 52. a6 Kd8 53. Ka8 Kd7 54. a7 Kd8 55. Rc4 Kd7 56. Rb4 Rxc3 57. Kb7 Rc7+ 58. Ka6 Rc6+ 59. Rb6 Rc8 60. Rb8 Rc6+ 61. Kb5 1-0

[Event "NZL-ch rapid op"]
[Site "Auckland"]
[Date "2019.01.23"]
[Round "5"]
[White "Clarke, Brandon GI"]
[Black "Krstev, Antonio"]
[Result "1-0"]
[WhiteElo "2365"]
[BlackElo "2019"]
[PlyCount "45"]
[EventDate "2019.01.23"]
[EventType "swiss (rapid)"]
[EventRounds "9"]
[EventCountry "NZL"]
[SourceTitle "CBM 189 Extra"]
[Source "ChessBase"]
[SourceDate "2019.06.03"]
[SourceVersion "1"]
[SourceVersionDate "2019.06.03"]
[SourceQuality "1"]

1. e4 e6 2. d4 d5 3. Nc3 Nf6 4. e5 Nfd7 5. f4 c5 6. Nf3 Nc6 7. Be3 cxd4 8. Nxd4 Nxd4 9. Bxd4 Bc5 10. Qd2 0-0 11. 0-0-0 a6 12. Kb1 b5 13. Ne2 Qb6 14. Bxc5 Nxc5 15. Nd4 Ne4 16. Qe3 b4 17. Ka1 Bd7 18. Bd3 f5 19. g4 g6 20. gxf5 gxf5 21. Rhg1+ Kh8 22. Rg7 Bb5 23. Bxe4 1-0

[Event "Waitakere Trusts op 40th"]
[Site "Waitakere"]
[Date "2017.06.03"]
[Round "1"]
[White "Krstev, Antonio"]
[Black "Hague, Ben"]
[Result "0-1"]
[WhiteElo "2022"]
[BlackElo "2309"]
[PlyCount "62"]
[EventDate "2017.06.03"]
[EventType "swiss"]
[EventRounds "6"]
[EventCountry "NZL"]
[SourceTitle "EXT 2018"]
[Source "ChessBase"]
[SourceDate "2017.10.13"]
[SourceVersion "1"]
[SourceVersionDate "2017.10.13"]
[SourceQuality "1"]

1. d4 Nf6 2. c4 e6 3. Nc3 Bb4 4. f3 c5 5. d5 0-0 6. e4 b5 7. Bg5 h6 8. Bh4 d6 9. Qc2 Re8 10. 0-0-0 Bxc3 11. Qxc3 Nxe4 12. Bxd8 Nxc3 13. bxc3 Rxd8 14. cxb5 exd5 15. Rxd5 Be6 16. Rd2 a6 17. bxa6 Nxa6 18. Bd3 Nc7 19. Bb1 Nb5 20. Ne2 Ra3 21. Rhd1 Rda8 22. Kb2 Bxa2 23. Bxa2 Rxa2+ 24. Kb3 R2a4 25. Rb1 Na3 26. Ra1 R4a6 27. c4 Nxc4 28. Kxc4 Rxa1 29. Rxd6 R1a2 30. Ng3 Rxg2 31. Kxc5 Rc8+ 0-1

[Event "Waitakere Trusts op 40th"]
[Site "Waitakere"]
[Date "2017.06.03"]
[Round "2"]
[White "Shen, Terry"]
[Black "Krstev, Antonio"]
[Result "0-1"]
[WhiteElo "1660"]
[BlackElo "2022"]
[PlyCount "110"]
[EventDate "2017.06.03"]
[EventType "swiss"]
[EventRounds "6"]
[EventCountry "NZL"]
[SourceTitle "EXT 2018"]
[Source "ChessBase"]
[SourceDate "2017.10.13"]
[SourceVersion "1"]
[SourceVersionDate "2017.10.13"]
[SourceQuality "1"]

1. d4 c5 2. c3 e6 3. Bf4 Qb6 4. b3 d5 5. e3 Nf6 6. Bd3 Nc6 7. Nf3 h6 8. 0-0 Be7 9. Nbd2 Bd7 10. h3 g5 11. Be5 Rg8 12. dxc5 Qxc5 13. b4 Qb6 14. a4 Nxe5 15. Nxe5 Qc7 16. Nxd7 Nxd7 17. Rc1 Ne5 18. Bb5+ Kf8 19. Qh5 Rg6 20. Nf3 Kg7 21. Nxe5 Qxe5 22. Qe2 Rc8 23. f4 gxf4 24. exf4 Qxe2 25. Bxe2 Rg3 26. Bf3 h5 27. Kf2 h4 28. Ke2 Kf6 29. Kd2 Bd6 30. Ke2 Bxf4 31. Bxd5 Ke5 32. Bxb7 Rc7 33. Bf3 Bxc1 34. Rxc1 Rg8 35. c4 Kd4 36. c5 Rb8 37. Rb1 Kc3 38. Rc1+ Kb2 39. Rc4 Kb3 40. Rxh4 Rxb4 41. Rxb4+ Kxb4 42. c6 Kxa4 43. h4 Kb5 44. g4 f6 45. h5 Kc4 46. Ke3 a5 47. h6 a4 48. Be4 a3 49. h7 Rc8 50. Bb1 Kb3 51. Kd4 Kb2 52. Kc5 Kxb1 53. Kd6 a2 54. Kd7 Rh8 55. c7 Rxh7+ 0-1

[Event "Auckland ANZAC op"]
[Site "Auckland"]
[Date "2017.04.25"]
[Round "5"]
[White "Liu, Xinyang"]
[Black "Krstev, Antonio"]
[Result "0-1"]
[WhiteElo "1583"]
[BlackElo "2010"]
[PlyCount "103"]
[EventDate "2017.04.22"]
[EventType "swiss"]
[EventRounds "6"]
[EventCountry "NZL"]
[SourceTitle "CBM 178 Extra"]
[Source "ChessBase"]
[SourceDate "2017.06.22"]
[SourceVersion "1"]
[SourceVersionDate "2017.06.22"]
[SourceQuality "1"]

1. e4 e6 2. d4 d5 3. Nd2 Nf6 4. e5 Nfd7 5. Bd3 b6 6. c3 Ba6 7. Qe2 Bxd3 8. Qxd3 c5 9. Ne2 Nc6 10. 0-0 Qc7 11. Nf3 h6 12. a3 0-0-0 13. b4 c4 14. Qc2 Re8 15. Bf4 g5 16. Bg3 Be7 17. h3 Reg8 18. Nh2 h5 19. f4 g4 20. h4 Qd8 21. Be1 Bxh4 22. g3 Be7 23. f5 h4 24. f6 hxg3 25. Nxg3 Bf8 26. Qe2 Rg6 27. Rf4 Bh6 28. Rxg4 Qg8 29. Kg2 Qh7 30. Rxg6 Qxg6 31. Qh5 Qc2+ 32. Qe2 Qg6 33. Qh5 Qxh5 34. Nxh5 Be3 35. Ng3 Nxd4 36. cxd4 Bxd4 37. Ra2 Bxe5 38. Ng4 Bd6 39. Bc3 a6 40. Re2 Kc7 41. Bd4 Kc6 42. Bb2 Kb5 43. Re3 Bf4 44. Rf3 Bd6 45. Re3 Ka4 46. Ne2 Rh4 47. Nf2 e5 48. Nc3+ Kb3 49. Nb1+ Kxb2 50. Re2+ Kxb1 51. Nd1 d4 52. Nb2 0-1

[Event "Auckland ANZAC op"]
[Site "Auckland"]
[Date "2017.04.23"]
[Round "3"]
[White "Steadman, Michael VR"]
[Black "Krstev, Antonio"]
[Result "1-0"]
[WhiteElo "2237"]
[BlackElo "2010"]
[PlyCount "49"]
[EventDate "2017.04.22"]
[EventType "swiss"]
[EventRounds "6"]
[EventCountry "NZL"]
[SourceTitle "CBM 178 Extra"]
[Source "ChessBase"]
[SourceDate "2017.06.22"]
[SourceVersion "1"]
[SourceVersionDate "2017.06.22"]
[SourceQuality "1"]

1. d4 Nf6 2. c4 c6 3. Nc3 d5 4. Nf3 g6 5. Bg5 Bg7 6. h3 0-0 7. e3 Nbd7 8. cxd5 cxd5 9. Bd3 a6 10. Qb3 h6 11. Bf4 e6 12. 0-0 b5 13. a4 bxa4 14. Nxa4 g5 15. Bd6 Re8 16. Rfc1 Bf8 17. Bh2 a5 18. Bb5 Bb4 19. Ne5 Bd6 20. Nc6 Qc7 21. Ne7+ Rxe7 22. Rxc7 Bxc7 23. Bxc7 Nf8 24. Nb6 Rxc7 25. Nxa8 1-0

[Event "Auckland ANZAC op"]
[Site "Auckland"]
[Date "2017.04.22"]
[Round "1"]
[White "Ghadiali, Renae"]
[Black "Krstev, Antonio"]
[Result "0-1"]
[WhiteElo "1329"]
[BlackElo "2010"]
[PlyCount "72"]
[EventDate "2017.04.22"]
[EventType "swiss"]
[EventRounds "6"]
[EventCountry "NZL"]
[SourceTitle "CBM 178 Extra"]
[Source "ChessBase"]
[SourceDate "2017.06.22"]
[SourceVersion "1"]
[SourceVersionDate "2017.06.22"]
[SourceQuality "1"]

1. e4 e6 2. Nf3 d5 3. exd5 exd5 4. d4 Bd6 5. Nc3 c6 6. Bd3 Bg4 7. 0-0 Ne7 8. Bd2 Qc7 9. h3 Bh5 10. Be2 Nd7 11. Be3 h6 12. Qd3 g5 13. Rfe1 Bg6 14. Qd2 0-0-0 15. Bd3 f5 16. Qe2 Rde8 17. Qd1 Ng8 18. Bd2 Ngf6 19. Rxe8+ Rxe8 20. Be2 Ne4 21. Nxe4 dxe4 22. Ne1 f4 23. f3 e3 24. Bc3 Nf6 25. Kf1 h5 26. Bd3 g4 27. hxg4 hxg4 28. fxg4 Qh7 29. Ke2 Nxg4 30. Kf3 Qh5 31. Ke2 Nf2+ 32. Kf1 Qh1+ 33. Ke2 Bh5+ 34. Nf3 Nxd1 35. Rxd1 Qxg2+ 36. Ke1 Qf2# 0-1

[Event "Auckland Anniversary op"]
[Site "Auckland"]
[Date "2017.01.30"]
[Round "7"]
[White "Lyall, Simon"]
[Black "Krstev, Antonio"]
[Result "0-1"]
[WhiteElo "1728"]
[BlackElo "2023"]
[PlyCount "80"]
[EventDate "2017.01.27"]
[EventType "swiss"]
[EventRounds "7"]
[EventCountry "NZL"]
[SourceTitle "EXT 2018"]
[Source "ChessBase"]
[SourceDate "2017.10.13"]
[SourceVersion "1"]
[SourceVersionDate "2017.10.13"]
[SourceQuality "1"]

1. e4 e6 2. d4 d5 3. e5 c5 4. c3 Nc6 5. Nf3 f6 6. Bd3 cxd4 7. cxd4 Bb4+ 8. Bd2 Qb6 9. a3 Be7 10. Bc3 Bd7 11. 0-0 Nh6 12. Re1 f5 13. Nbd2 g5 14. Nb3 g4 15. Nfd2 Nf7 16. f4 gxf3 17. Nxf3 0-0-0 18. Rc1 Kb8 19. Bf1 Ng5 20. Nbd2 Rdg8 21. Kh1 Ne4 22. Nxe4 dxe4 23. Ng1 Bg5 24. Rc2 Ne7 25. Bb4 Ba4 26. Bd6+ Ka8 27. Rc8+ Nxc8 28. Qxa4 Nxd6 29. exd6 Qxd6 30. Ne2 Rd8 31. Rd1 h5 32. Nc3 h4 33. Nb5 Qb6 34. Qc4 Rh7 35. a4 h3 36. g3 Qc6 37. Qb3 e3+ 38. Kg1 Qf3 39. Qc2 e2 40. Qxe2 Be3+ 0-1

[Event "Auckland Anniversary op"]
[Site "Auckland"]
[Date "2017.01.29"]
[Round "5"]
[White "Chen, Wei Kai"]
[Black "Krstev, Antonio"]
[Result "1/2-1/2"]
[WhiteElo "1653"]
[BlackElo "2023"]
[PlyCount "70"]
[EventDate "2017.01.27"]
[EventType "swiss"]
[EventRounds "7"]
[EventCountry "NZL"]
[SourceTitle "EXT 2018"]
[Source "ChessBase"]
[SourceDate "2017.10.13"]
[SourceVersion "1"]
[SourceVersionDate "2017.10.13"]
[SourceQuality "1"]

1. b3 d5 2. Bb2 c5 3. e3 Nc6 4. Nf3 Bg4 5. Be2 e6 6. Na3 Nf6 7. 0-0 Bd6 8. c4 a6 9. Nc2 0-0 10. d4 cxd4 11. cxd5 Nxd5 12. Ncxd4 Bxf3 13. Bxf3 Qc7 14. h3 Nce7 15. Rc1 Qa5 16. a3 Rac8 17. Qd3 b5 18. Bg4 Rxc1 19. Rxc1 Bxa3 20. Ra1 b4 21. Nc2 Qb5 22. Qxb5 axb5 23. Nxa3 bxa3 24. Rxa3 Rc8 25. Ra7 f5 26. Bf3 Rc7 27. Rxc7 Nxc7 28. Ba3 Ned5 29. Bd6 Kf7 30. Be2 Kf6 31. f3 e5 32. Kf2 Ke6 33. Bc5 Nc3 34. Bd3 e4 35. Bc2 g5 1/2-1/2

[Event "NZL-ch Major op"]
[Site "Devonport"]
[Date "2016.01.09"]
[Round "8"]
[White "Krstev, Antonio"]
[Black "Vinod, Kumar"]
[Result "0-1"]
[WhiteElo "2046"]
[BlackElo "1939"]
[PlyCount "100"]
[EventDate "2016.01.02"]
[EventType "swiss"]
[EventRounds "9"]
[EventCountry "NZL"]
[SourceTitle "EXT 2018"]
[Source "ChessBase"]
[SourceDate "2017.10.13"]
[SourceVersion "1"]
[SourceVersionDate "2017.10.13"]
[SourceQuality "1"]

1. d4 d5 2. c4 c6 3. Nc3 Nf6 4. Nf3 dxc4 5. a4 Bf5 6. e3 e6 7. Bxc4 Nbd7 8. h3 Bb4 9. 0-0 h6 10. Na2 Bd6 11. b4 0-0 12. Bb2 Qe7 13. Qe2 e5 14. dxe5 Nxe5 15. Nxe5 Bxe5 16. Rfd1 Rad8 17. Bxe5 Qxe5 18. Rxd8 Rxd8 19. Rd1 Rxd1+ 20. Qxd1 Be4 21. Qd8+ Kh7 22. Qd4 Qg5 23. Bf1 Qd5 24. Nc3 Qxd4 25. exd4 Bc2 26. a5 Nd5 27. Nxd5 cxd5 28. f4 Kg6 29. Kf2 Kf6 30. Ke3 Ba4 31. g3 Ke6 32. h4 Kd6 33. f5 Kc6 34. Kf4 f6 35. g4 Bb5 36. Bg2 Bc4 37. g5 hxg5+ 38. hxg5 Kb5 39. Kg4 Be2+ 40. Kh4 Kc4 41. gxf6 gxf6 42. Kg3 Kxd4 43. Kf4 Bd3 44. Bf3 a6 45. Bg2 Bb5 46. Bf3 Bc6 47. Be2 Kc3 48. Bf1 Kxb4 49. Ke3 Kxa5 50. Kd4 Kb4 0-1

[Event "Oceania-ch Seniors"]
[Site "Devonport"]
[Date "2015.04.19"]
[Round "6"]
[White "McLaren, Leonard"]
[Black "Krstev, Antonio"]
[Result "1-0"]
[WhiteElo "2202"]
[BlackElo "2042"]
[PlyCount "75"]
[EventDate "2015.04.16"]
[EventType "swiss"]
[EventRounds "7"]
[EventCountry "NZL"]
[SourceTitle "EXT 2018"]
[Source "ChessBase"]
[SourceDate "2017.10.13"]
[SourceVersion "1"]
[SourceVersionDate "2017.10.13"]
[SourceQuality "1"]

1. e4 d6 2. d4 Nf6 3. Nc3 g6 4. f4 Bg7 5. Nf3 0-0 6. Bd3 Nbd7 7. e5 Ng4 8. Qe2 c5 9. e6 Nb6 10. exf7+ Rxf7 11. Ng5 Bxd4 12. Nxf7 Kxf7 13. f5 Bxf5 14. Rf1 Bxc3+ 15. bxc3 e6 16. Bxf5 exf5 17. Qxg4 Qf6 18. Qh3 h5 19. Kf2 Re8 20. Kg1 Re2 21. Qd3 Qe6 22. Rb1 d5 23. Bg5 Qe4 24. Qxe4 Rxe4 25. Rfe1 Ke6 26. Kf2 Na4 27. Rxe4+ fxe4 28. Rxb7 Nxc3 29. Bd2 Na4 30. Rxa7 Nb2 31. Ra6+ Kf7 32. Rc6 d4 33. Rxc5 e3+ 34. Bxe3 Nd1+ 35. Kf3 Nxe3 36. c3 Nf1 37. cxd4 Nxh2+ 38. Kf4 1-0

[Event "Oceania-ch Seniors"]
[Site "Devonport"]
[Date "2015.04.17"]
[Round "2"]
[White "Smith, Robert Wayne"]
[Black "Krstev, Antonio"]
[Result "1-0"]
[WhiteElo "2222"]
[BlackElo "2042"]
[PlyCount "111"]
[EventDate "2015.04.16"]
[EventType "swiss"]
[EventRounds "7"]
[EventCountry "NZL"]
[SourceTitle "EXT 2018"]
[Source "ChessBase"]
[SourceDate "2017.10.13"]
[SourceVersion "1"]
[SourceVersionDate "2017.10.13"]
[SourceQuality "1"]

1. e4 d6 2. d4 Nf6 3. Nc3 g6 4. Bg5 Bg7 5. Qd2 0-0 6. f3 c5 7. d5 a6 8. a4 Qa5 9. Ra3 e6 10. Rb3 exd5 11. Bxf6 Bxf6 12. Nxd5 Bd8 13. Ne7+ Kg7 14. Nxc8 Qxd2+ 15. Kxd2 Ba5+ 16. c3 Rxc8 17. Rxb7 Nc6 18. Bc4 Ne5 19. Bd5 Rab8 20. Kc2 c4 21. Ne2 Bc7 22. h3 a5 23. Nd4 Rxb7 24. Bxb7 Rb8 25. Bd5 g5 26. Nf5+ Kf6 27. Ne3 Bb6 28. Nxc4 Nxc4 29. Bxc4 Bc5 30. Rd1 Re8 31. Rd5 Re5 32. Kd3 h5 33. Rxe5 dxe5 34. Bd5 Ke7 35. Kc4 Be3 36. Kb5 Bc1 37. b4 Bd2 38. bxa5 Kd7 39. a6 Be3 40. Bxf7 h4 41. a7 Bxa7 42. Ka6 Bb8 43. a5 Kc6 44. Be8+ Kc7 45. c4 Kc8 46. c5 Kc7 47. Ba4 Kc8 48. Kb5 Kb7 49. a6+ Ka7 50. Bb3 Bc7 51. Kc6 Ba5 52. Bc4 Kb8 53. Kd7 Bb4 54. c6 Ba5 55. a7+ Kxa7 56. c7 1-0

[Event "NZL-ch op 122nd"]
[Site "Auckland"]
[Date "2015.01.09"]
[Round "9"]
[White "Krstev, Antonio"]
[Black "Duneas, John"]
[Result "1/2-1/2"]
[WhiteElo "2071"]
[BlackElo "2180"]
[PlyCount "146"]
[EventDate "2015.01.01"]
[EventType "swiss"]
[EventRounds "9"]
[EventCountry "NZL"]
[SourceTitle "CBM 164 Extra"]
[Source "ChessBase"]
[SourceDate "2015.03.02"]
[SourceVersion "1"]
[SourceVersionDate "2015.03.02"]
[SourceQuality "1"]

1. d4 Nf6 2. c4 g6 3. Nc3 d5 4. cxd5 Nxd5 5. e4 Nxc3 6. bxc3 Bg7 7. Bc4 c5 8. Ne2 0-0 9. 0-0 Nc6 10. Be3 Qc7 11. Rc1 Rd8 12. Qd2 Na5 13. Bd3 e5 14. f4 c4 15. Bb1 Bg4 16. fxe5 Bxe5 17. h3 Bxe2 18. Qxe2 Bg7 19. e5 Qe7 20. Rce1 f6 21. exf6 Bxf6 22. Bh6 Qxe2 23. Rxe2 Bg7 24. Bxg7 Kxg7 25. Re7+ Kh6 26. Rff7 Rh8 27. d5 Raf8 28. Rxf8 Rxf8 29. Be4 Kg5 30. Bf3 h5 31. Kf2 Rf6 32. h4+ Kxh4 33. Re6 Kg5 34. Re2 Kf5 35. Re8 h4 36. Ke3 g5 37. Kd4 b6 38. Re7 Rd6 39. Rf7+ Kg6 40. Ke5 Kxf7 41. Kxd6 Nb7+ 42. Kc7 Nc5 43. Bg4 b5 44. a3 a5 45. d6 b4 46. cxb4 axb4 47. axb4 c3 48. Bd1 Ne6+ 49. Kc8 Kf6 50. b5 g4 51. b6 h3 52. gxh3 gxh3 53. b7 h2 54. b8Q h1Q 55. Ba4 Qh8+ 56. Kb7 Nc5+ 57. Ka7 Qxb8+ 58. Kxb8 Ke6 59. d7 Nxd7+ 60. Kc7 Nc5 61. Bc2 Kd5 62. Kb6 Kc4 63. Ka5 Nd3 64. Ka4 Ne1 65. Bb1 Kd4 66. Ka3 Ke3 67. Kb3 Kd2 68. Kc4 Nc2 69. Kb3 Ne3 70. Kb4 Nd5+ 71. Kb3 Kc1 72. Be4 Kd1 73. Kc4 Nf6 1/2-1/2

[Event "NZL-ch op 122nd"]
[Site "Auckland"]
[Date "2015.01.07"]
[Round "7"]
[White "Krstev, Antonio"]
[Black "Rains, Edward"]
[Result "1-0"]
[WhiteElo "2071"]
[BlackElo "1973"]
[PlyCount "95"]
[EventDate "2015.01.01"]
[EventType "swiss"]
[EventRounds "9"]
[EventCountry "NZL"]
[SourceTitle "CBM 164 Extra"]
[Source "ChessBase"]
[SourceDate "2015.03.02"]
[SourceVersion "1"]
[SourceVersionDate "2015.03.02"]
[SourceQuality "1"]

1. d4 Nf6 2. c4 g6 3. Nc3 d5 4. cxd5 Nxd5 5. e4 Nxc3 6. bxc3 Bg7 7. Bc4 c5 8. Ne2 Nc6 9. Be3 0-0 10. 0-0 Na5 11. Bd3 b6 12. Rc1 e5 13. dxc5 bxc5 14. Bxc5 Bh6 15. Rb1 Re8 16. Bb5 Bg4 17. f3 Qc7 18. Bb4 Reb8 19. Qd6 Qxd6 20. Bxd6 Rd8 21. Bc7 Rd2 22. Bxa5 Be6 23. Nc1 Rb8 24. Bc7 Rb7 25. Bxe5 a6 26. Bd3 Rxb1 27. Bxb1 Bc4 28. Re1 a5 29. Bd4 a4 30. g3 Rb2 31. Nd3 Rd2 32. Nb4 Be2 33. Kg2 Bc4+ 34. Bf2 Bf8 35. Nc2 Bc5 36. Nd4 a3 37. f4 Bxa2 38. Bxa2 Rxa2 39. Kf3 Rb2 40. Be3 a2 41. Ra1 Rxh2 42. Bf2 f6 43. g4 Bd6 44. Ne2 g5 45. Bg3 Rh3 46. Kg2 Rh6 47. f5 Be5 48. Rxa2 1-0

[Event "NZL-ch op 122nd"]
[Site "Auckland"]
[Date "2015.01.05"]
[Round "5"]
[White "Krstev, Antonio"]
[Black "Stojic, Dusan"]
[Result "0-1"]
[WhiteElo "2071"]
[BlackElo "2123"]
[PlyCount "64"]
[EventDate "2015.01.01"]
[EventType "swiss"]
[EventRounds "9"]
[EventCountry "NZL"]
[SourceTitle "CBM 164 Extra"]
[Source "ChessBase"]
[SourceDate "2015.03.02"]
[SourceVersion "1"]
[SourceVersionDate "2015.03.02"]
[SourceQuality "1"]

1. d4 Nf6 2. c4 g6 3. Nc3 d5 4. cxd5 Nxd5 5. e4 Nxc3 6. bxc3 Bg7 7. Bc4 c5 8. Ne2 Nc6 9. Be3 0-0 10. 0-0 Na5 11. Bd3 b6 12. Qd2 e5 13. d5 f5 14. f3 f4 15. Bf2 c4 16. Bc2 Bd7 17. Qd1 Qe8 18. a3 g5 19. Nc1 h5 20. Qe1 Bf6 21. Na2 Rf7 22. Nb4 Be7 23. Qd2 Rd8 24. Rad1 Bd6 25. Rb1 Rg7 26. Bd1 Qe7 27. Qa2 g4 28. Kh1 g3 29. Bg1 Qh4 30. Nc6 Bc5 31. h3 Bxh3 32. Bh2 Bc8 0-1

[Event "Auckland Interclub-A"]
[Site "Auckland"]
[Date "2014.06.08"]
[Round "3.6"]
[White "Krstev, Antonio"]
[Black "Gong, Daniel Hanwen"]
[Result "0-1"]
[WhiteElo "2103"]
[BlackElo "1989"]
[PlyCount "140"]
[EventDate "2014.05.11"]
[EventType "team-tourn"]
[EventRounds "3"]
[EventCountry "NZL"]
[SourceTitle "EXT 2018"]
[Source "ChessBase"]
[SourceDate "2017.10.13"]
[SourceVersion "1"]
[SourceVersionDate "2017.10.13"]
[SourceQuality "1"]
[WhiteTeam "North Shore"]
[BlackTeam "Howick Pakuranga"]
[WhiteTeamCountry "NZL"]
[BlackTeamCountry "NZL"]

1. d4 Nf6 2. c4 g6 3. Nc3 Bg7 4. e4 d6 5. f3 0-0 6. Be3 Nc6 7. Nge2 a6 8. Qd2 Rb8 9. a4 e5 10. d5 Ne7 11. g4 Ne8 12. Ng3 f5 13. gxf5 gxf5 14. Bg5 f4 15. Nge2 h6 16. Bh4 Bf6 17. Bf2 Ng6 18. Rg1 Kh7 19. Nc1 Rg8 20. Be2 Qd7 21. Nd3 Qh3 22. 0-0-0 c5 23. Qe1 Nc7 24. Qf1 Qd7 25. Ne1 Qe8 26. Nc2 Bd7 27. b3 b5 28. axb5 axb5 29. Kd2 bxc4 30. bxc4 Na6 31. Rb1 Nb4 32. Bd3 Rg7 33. Nxb4 cxb4 34. Nb5 Bxb5 35. cxb5 Bd8 36. Qc1 Ba5 37. Qc6 Qd8 38. Qc1 Rc7 39. Qf1 Rc3 40. Qg2 Qe8 41. Qxg6+ Qxg6 42. Rxg6 Kxg6 43. Ra1 Bb6 44. Bxb6 Rxb6 45. Ra4 Rb3 46. Kc2 Rc3+ 47. Kd2 Ra3 48. Rxb4 Ra2+ 49. Bc2 Kh5 50. Kc3 Kh4 51. Ra4 Rxa4 52. Bxa4 Kh3 53. Kb4 Kxh2 54. Ka5 Rb8 55. b6 h5 56. Bd7 Kg3 57. Ka6 Ra8+ 58. Kb5 Kxf3 59. Kc6 Kxe4 60. Kxd6 Ra6 61. Kc5 Rxb6 62. Bf5+ Kxf5 63. Kxb6 f3 64. d6 Ke6 65. Kc7 f2 66. d7 f1Q 67. d8Q Qc4+ 68. Kb8 Qb5+ 69. Kc8 Qc6+ 70. Kb8 Qd6+ 0-1

[Event "Auckland North Shore op 40th"]
[Site "Auckland"]
[Date "2013.09.14"]
[Round "3"]
[White "Krstev, Antonio"]
[Black "Johns, Daniel"]
[Result "0-1"]
[WhiteElo "2084"]
[BlackElo "1884"]
[PlyCount "62"]
[EventDate "2013.09.14"]
[EventType "swiss"]
[EventRounds "5"]
[EventCountry "NZL"]
[SourceTitle "CBM 156 Extra"]
[Source "ChessBase"]
[SourceDate "2013.10.22"]
[SourceVersion "1"]
[SourceVersionDate "2013.10.22"]
[SourceQuality "1"]

1. d4 Nf6 2. c4 e6 3. Nc3 d5 4. e3 c5 5. cxd5 Nxd5 6. Nf3 Nc6 7. Bc4 Nb6 8. Bb5 Bd7 9. dxc5 Bxc5 10. 0-0 a6 11. Ne4 Be7 12. Be2 0-0 13. b3 Nd5 14. Bb2 Rc8 15. g3 Na7 16. Bxg7 Kxg7 17. Qd4+ Nf6 18. Nxf6 Bxf6 19. Qxa7 Bxa1 20. Rxa1 Qf6 21. Rd1 Bc6 22. Nd4 Bd5 23. Qb6 e5 24. Nf5+ Qxf5 25. Rxd5 Rc2 26. g4 Qe4 27. g5 Qxd5 28. Qf6+ Kg8 29. Bf3 Qe6 30. Bxb7 Qxf6 31. gxf6 Rxa2 0-1